00843nam a2200217Ii 45000010005000000030009000050080041000140200015000550400033000700410008001030820018001112450097001292640094002263000012003203360026003323370028003583380027003869400050004139990017004639520145004807556CO-ViMGA241108s9999||||xx |||||||||||||| ||und|| a9586430006 aCO-ViMGAbspaerdacCO-ViMGA0 aunk04a987.048-A181d10aActas de la diputación permanente del congreso de Angostura; compilado por J.D. Montesalve 1a[Lugar de publicación no identificado] : Fundación Francisco de Paula Santander, 1989 avolumen atextbtxt2rdacontent aunmediatedbn2rdamedia avolumebnc2rdacarrier aidficha_siabuc: 7381. -- ficha_no_siabuc:7556 c56383d56383 001040708001aMEVIGERRbMEVIGERRcGENd2006-11-27hVol.1o987.048-A181dpECA7566r2024-11-26 10:52:20tEj.1w2024-11-26yBKz7381 | 10403